Statistics for Serbian Words

Click here to take the quiz!

General Stats

  • This quiz has been taken 26 times
  • The average score is 13 of 15

Answer Stats

HintAnswer% Correct
Avionplane
100%
Mačkacat
95%
Knjigabook
91%
Kravacow
91%
Šahchess
86%
Pasdog
86%
Kućahouse
86%
Brodboat
82%
Pesmasong
82%
Stotable
82%
Prozorwindow
82%
Slikapicture
77%
Vratadoor
73%
Krovroof
73%
Zidwall
73%

Score Distribution

Percentile by Number Answered

Percent of People with Each Score

Your Score History

You have not taken this quiz